| 000 | 00456nam a2200193Ia 4500 | ||
|---|---|---|---|
| 008 | 210210b2017 xxu||||| |||| 00| 0 eng d | ||
| 020 | _a9780143428640 | ||
| 041 | _aeng | ||
| 082 | _a030 BROK | ||
| 100 | _aBROWN (Shaila) | ||
| 245 | _aKnowledge encyclopedia | ||
| 260 |
_aIndia _bPenguin Books _c2017 |
||
| 300 | _a360 | ||
| 650 | _aKnowledge | ||
| 650 | _aencyclopedia | ||
| 690 | _aEncyclopaedia | ||
| 700 | _aMILLS (Daniel) | ||
| 906 | _a071529 | ||
| 999 |
_c121273 _d121273 |
||